00786nam a2200217Ia 4500003000900000008004100009040001600050080002100066245012000087260003700207300001400244650001800258650002200276650003600298700002800334700003000362700002300392942000700415999001700422952012900439IN-BaIIA211028s9999 xx 000 0 eng d cIIA Library a047.1:52bARA-39 0aAnnual review of astronomy and astrophysicsbvol. 39cedited by Geoffrey Burbidge, Allan Sandage and Frank H. Shu  aCaliforniabAnnual Reviewsc2001 aix, 668p. aastronomy980 aastrophysics9794 atheoretical astrophysics915234 aBurbidge, Geoffrey, ed. aSandage, Allan, ed.99048 aShu, Frank H., ed. cBK c14380d14380 00104070aBANbKAVcGENd2001-12-10g8213.00l0o047.1:52/ ARA-39p15300r2021-11-05v8213.00w2001-12-10yBKGRs. 8213.00